000 00348nam a2200133Ia 4500
008 240624s9999 xx 000 0 und d
041 _aeng
082 _a005.74 BAT
100 _aBATINI CARLO
245 _aDATA QUALITY CONCEPTS METHODOLOGIES AND
260 _c2006
_aNew York
_bElsevier
300 _axix, : 262 : p. : cm. ; 23
365 _cERU
_b30
999 _c11263
_d11263